=LDR 00000nam 2200000 4500 =001 INLIS000000000018106 =005 20210421010233 =035 ##$$a 0010-061300000018106 =008 210421################g##########0#ind## =041 ##$$a Ind =082 ##$$a 338.175 =090 ##$$a 338.175, Pra m =100 1#$$a Prajnata, Fural =245 1#$$a Melon /$c Fural Pratnata =260 ##$$a Jakarta :$b Penebar Swadaya,$c 1997 =300 ##$$a ix, 161 hlm : $b ilus ; $c 21x14 cm =650 #4$$a Melon =850 ##$$a NBPNMAT =020 ##$$a 979-689-444-3 =084 ##$$a 338.175 PRA m =250 ##$$a cet.1 =990 ##$$a 10407760 =990 ##$$a 10407761 =990 ##$$a 10407762 =990 ##$$a 10407763 =990 ##$$a 0001/BPAP-NTB/20142015 =990 ##$$a 10407761 =990 ##$$a 10407760 =990 ##$$a 10407762 =990 ##$$a 10407763 =990 ##$$a 0001/BPAP-NTB/20142015 =990 ##$$a 10407762 =990 ##$$a 10407760 =990 ##$$a 10407761 =990 ##$$a 10407763 =990 ##$$a 0001/BPAP-NTB/20142015 =990 ##$$a 10407763 =990 ##$$a 10407760 =990 ##$$a 10407761 =990 ##$$a 10407762 =990 ##$$a 0001/BPAP-NTB/20142015 =990 ##$$a 20604617 =990 ##$$a 10407760 =990 ##$$a 10407761 =990 ##$$a 10407762 =990 ##$$a 10407763 =990 ##$$a 20604619 =990 ##$$a 10407760 =990 ##$$a 10407761 =990 ##$$a 10407762 =990 ##$$a 10407763 =990 ##$$a 20604617 =990 ##$$a 13041304 =990 ##$$a 1202301304 =990 ##$$a 10407760 =990 ##$$a 10407761 =990 ##$$a 10407762 =990 ##$$a 10407763 =990 ##$$a 20604619 =990 ##$$a 20604617